[Event "Corus C"]
[Site "Wijk aan Zee NED"]
[Date "2005.01.15"]
[Round "1"]
[White "Spoelman,W"]
[Black "Pliester,L"]
[Result "1/2-1/2"]
[WhiteElo "2381"]
[BlackElo "2383"]
[EventDate "2005.01.15"]

1. e4 c5 2. Nf3 d6 3. d4 cxd4 4. Nxd4 Nf6 5. Nc3 a6 6. Be3 e5 7. Nb3 Be6 8.
h3 Be7 9. Nd5 Nbd7 10. Qf3 Bxd5 11. exd5 O-O 12. g4 e4 13. Qd1 Nb6 14. c4
Rc8 15. Qd4 Nfd7 16. Qxe4 Bf6 17. Nd2 Bxb2 18. Rb1 Re8 19. Qd3 Nc5 20. Qf5
Bd4 21. Be2 Bxe3 22. fxe3 Qh4+ 23. Qf2 Qxf2+ 24. Kxf2 Nbd7 25. g5 Rc7 26.
Bg4 Ne5 27. Rb6 Nxc4 28. Nxc4 Ne4+ 29. Ke2 Rxc4 30. Rhb1 Rc2+ 31. Kd3 Rxa2
32. Bf5 Ra3+ 33. Kd4 Ra4+ 34. R1b4 Rxb4+ 35. Rxb4 Nc5 36. Rb6 Rd8 37. e4 f6
38. gxf6 gxf6 39. Kc4 h6 40. Rb1 b5+ 41. Kb4 Kf8 42. Rg1 Re8 43. Rg4 Re5
44. Rh4 h5 45. Ka5 Kg7 46. Rxh5 Nxe4 47. Rh7+ Kg8 48. Bg6 f5 49. Rd7 f4 50.
h4 Nf6 51. Rxd6 Kg7 52. Bd3 Rxd5 53. Rxd5 Nxd5 54. Be4 Nc7 55. Bf3 Kf6 56.
Bd1 Ke5 57. h5 Kf5 58. Be2 Kg5 59. Bd1 Nd5 60. Kxa6 Nc3 61. Bc2 Kxh5 62.
Ka5 f3 63. Kb4 Ne2 64. Be4 f2 65. Bf3+ Kg5 1/2-1/2

[Event "Corus C"]
[Site "Wijk aan Zee NED"]
[Date "2005.01.15"]
[Round "1"]
[White "Georgiev,Vl"]
[Black "Bosboom,M"]
[Result "1-0"]
[WhiteElo "2517"]
[BlackElo "2426"]
[EventDate "2005.01.15"]

1. d4 Nf6 2. c4 g6 3. Nc3 Bg7 4. e4 d6 5. Bd3 O-O 6. Nge2 a6 7. O-O c5 8.
d5 b5 9. cxb5 axb5 10. Bxb5 Ba6 11. Bxa6 Nxa6 12. Bg5 Qb6 13. Qd2 Rfb8 14.
Rab1 Nc7 15. f4 Qb4 16. Qd3 c4 17. Qf3 Qc5+ 18. Kh1 Ra7 19. f5 Rab7 20. Be3
Qa5 21. fxg6 hxg6 22. g4 Rf8 23. Nd4 Rxb2 24. Rxb2 Qxc3 25. Nc6 Qxb2 26.
Bd4 Qxd4 27. Nxd4 Nfxd5 28. Nc6 Nf6 29. Nxe7+ Kh8 30. Qc3 Re8 31. Nxg6+
fxg6 32. Rxf6 d5 33. g5 dxe4 34. Qh3+ Kg8 35. Rxg6 e3 36. Qd7 1-0

[Event "Corus C"]
[Site "Wijk aan Zee NED"]
[Date "2005.01.15"]
[Round "1"]
[White "Zhukova,N"]
[Black "Muhren,B"]
[Result "1-0"]
[WhiteElo "2465"]
[BlackElo "2295"]
[EventDate "2005.01.15"]

1. d4 d5 2. c4 dxc4 3. Nf3 c5 4. e3 cxd4 5. Bxc4 e6 6. exd4 Nf6 7. O-O Nc6
8. Nc3 Be7 9. Re1 O-O 10. a3 b6 11. Qd3 Bb7 12. Ba2 Rc8 13. Bg5 Qd7 14. d5
exd5 15. Bb1 g6 16. Rxe7 Nxe7 17. Bxf6 d4 18. Ba2 Nf5 19. Ne4 Qc6 20. Re1
Rfe8 21. Be5 Kf8 22. Qd2 Qc2 23. Qb4+ Re7 24. Ng3 a5 25. Qxb6 Nxg3 26. hxg3
Bxf3 27. gxf3 Qd2 28. Re4 Qd3 29. Qxd4 Rc1+ 30. Kh2 Qxd4 31. Bxd4 Rd7 32.
Bc3 Rc2 33. Kg2 Re7 34. Rxe7 Kxe7 35. Bb3 Re2 36. Kf1 1-0

[Event "Corus C"]
[Site "Wijk aan Zee NED"]
[Date "2005.01.15"]
[Round "1"]
[White "Bosboom Lanchava,T"]
[Black "L'Ami,E"]
[Result "0-1"]
[WhiteElo "2366"]
[BlackElo "2531"]
[EventDate "2005.01.15"]

1. d4 Nf6 2. Nf3 g6 3. Nc3 d5 4. Bf4 Bg7 5. Qd2 O-O 6. Bh6 Nc6 7. Bxg7 Kxg7
8. Ne5 Nxe5 9. dxe5 Ne4 10. Nxe4 dxe4 11. Qc3 c6 12. g3 Qb6 13. Rd1 Bf5 14.
Bg2 Rfd8 15. O-O Rd5 16. e6+ f6 17. Qa3 Kf8 18. c4 Rxd1 19. Rxd1 Bxe6 20.
c5 Qb5 21. Bxe4 Qxe2 22. Bf3 Qe5 23. Qb4 Qc7 24. Qh4 Kg7 25. b3 Rd8 26. Re1
Bd5 27. Bg4 e5 28. b4 Bxa2 0-1

[Event "Corus C"]
[Site "Wijk aan Zee NED"]
[Date "2005.01.15"]
[Round "1"]
[White "Wempe,Jo"]
[Black "Korotylev,A"]
[Result "0-1"]
[WhiteElo "2265"]
[BlackElo "2603"]
[EventDate "2005.01.15"]

1. e4 d6 2. d4 g6 3. Nc3 Bg7 4. f4 Nf6 5. Nf3 c5 6. Bb5+ Bd7 7. e5 Ng4 8.
e6 Bxb5 9. exf7+ Kd7 10. Nxb5 Qa5+ 11. Nc3 cxd4 12. Nxd4 h5 13. Qf3 Nc6 14.
Nde2 Qf5 15. h3 Nh6 16. O-O Qxf7 17. Be3 Nf5 18. Bf2 Rac8 19. a4 b6 20. a5
bxa5 21. Ra4 Rb8 22. b3 Rhc8 23. Nd5 e6 24. Ndc3 d5 25. Rd1 Ke8 26. g4 hxg4
27. hxg4 Nfe7 28. Kg2 g5 29. Bg3 gxf4 30. Rxf4 Qg6 31. Rf1 Rb4 32. Rxb4
axb4 33. Nb5 Kd7 34. Rf2 e5 35. c4 Rf8 36. Qe3 d4 37. Qd2 Rxf2+ 38. Bxf2 a6
0-1

[Event "Corus C"]
[Site "Wijk aan Zee NED"]
[Date "2005.01.16"]
[Round "2"]
[White "Spoelman,W"]
[Black "Wempe,Jo"]
[Result "1-0"]
[WhiteElo "2381"]
[BlackElo "2265"]
[EventDate "2005.01.15"]

1. e4 e6 2. d4 d5 3. Nc3 Bb4 4. e5 c5 5. a3 Bxc3+ 6. bxc3 Ne7 7. Qg4 O-O 8.
Bd3 Nbc6 9. Qh5 Ng6 10. Nf3 Qc7 11. Be3 Nce7 12. h4 Bd7 13. Qg4 f5 14. exf6
Rxf6 15. Bg5 e5 16. Qg3 Rxf3 17. gxf3 c4 18. Bxg6 Nxg6 19. h5 Qa5 20. hxg6
Qxc3+ 21. Kf1 Qxa1+ 22. Kg2 Qxd4 23. Rxh7 Be6 24. Qh2 1-0

[Event "Corus C"]
[Site "Wijk aan Zee NED"]
[Date "2005.01.16"]
[Round "2"]
[White "Mamedjarova,Z"]
[Black "Zhukova,N"]
[Result "0-1"]
[WhiteElo "2349"]
[BlackElo "2465"]
[EventDate "2005.01.15"]

1. c4 e6 2. d4 d5 3. e3 Nf6 4. Nf3 Nbd7 5. Bd3 dxc4 6. Bxc4 a6 7. Nc3 b5 8.
Bd3 c5 9. O-O Bb7 10. Qe2 Qb8 11. h3 Be7 12. b3 O-O 13. Bc2 Rc8 14. Bb2
Bxf3 15. gxf3 cxd4 16. exd4 Nb6 17. Qd2 Bb4 18. a3 Bxc3 19. Bxc3 Nbd5 20.
Ba5 Qf4 21. Qxf4 Nxf4 22. Be4 Nxe4 23. fxe4 Ne2+ 24. Kg2 Nxd4 25. Rab1 Rc6
26. Rfd1 e5 27. Rd3 Rac8 28. Bd2 f6 29. Rd1 Nc2 30. Rd7 Nd4 31. Be3 Nxb3
32. R1d3 Na1 33. Re7 R6c7 34. Re6 Nc2 35. Bd2 Ra7 36. f4 exf4 37. Kf2 Kf7
38. Rb6 Rc4 39. Bxf4 Rxe4 40. Bd2 Ra4 41. Bc1 Rc7 42. h4 h5 0-1

[Event "Corus C"]
[Site "Wijk aan Zee NED"]
[Date "2005.01.16"]
[Round "2"]
[White "Muhren,B"]
[Black "Georgiev,Vl"]
[Result "1/2-1/2"]
[WhiteElo "2295"]
[BlackElo "2517"]
[EventDate "2005.01.15"]

1. e4 e5 2. Nf3 Nc6 3. d4 exd4 4. Nxd4 Qf6 5. Be3 Bc5 6. c3 Nge7 7. g3 d5
8. Bg2 dxe4 9. Nd2 Bxd4 10. cxd4 O-O 11. Nxe4 Qg6 12. O-O Be6 13. Nc3 Rfd8
14. Qa4 Bd5 15. Nxd5 Nxd5 16. Rac1 Nce7 17. Rfe1 c6 18. Bd2 Qd6 19. Re4 Ng6
20. Bc3 h6 21. Qb3 Qc7 22. Rce1 Qd7 23. Bf3 a5 24. Bh5 a4 25. Qc4 Qd6 26.
a3 b5 27. Qd3 Nf8 28. Bf3 Nd7 29. R4e2 N7f6 30. Bd2 Re8 31. Be3 Re6 32. Bd2
Rae8 33. Rxe6 Rxe6 34. Rxe6 Qxe6 35. Qe2 Qxe2 36. Bxe2 Nd7 37. Kf1 N7b6 38.
Ke1 Nc4 39. Bc1 Kf8 40. Kd1 Ke7 41. Kc2 f5 42. b3 axb3+ 43. Kxb3 Nd6 44.
Bd3 Ke6 45. a4 bxa4+ 46. Kxa4 Nc3+ 47. Kb3 Ncb5 48. Bc4+ Kd7 49. d5 Nd4+
50. Kc3 Nf3 51. dxc6+ Kxc6 52. h4 Ne4+ 53. Kd3 Ne5+ 54. Kd4 Nxc4 55. Kxc4
Nxf2 56. Bf4 Ng4 57. Kd4 g6 58. Kc4 Kd7 59. Kd5 Ke7 60. Bc1 Kf7 61. Bd2
Nf6+ 62. Ke5 Kg7 63. Bxh6+ Kxh6 64. Kxf6 Kh5 65. Kg7 g5 66. hxg5 Kxg5 67.
Kf7 Kg4 68. Kf6 1/2-1/2

[Event "Corus C"]
[Site "Wijk aan Zee NED"]
[Date "2005.01.16"]
[Round "2"]
[White "Pliester,L"]
[Black "L'Ami,E"]
[Result "1/2-1/2"]
[WhiteElo "2383"]
[BlackElo "2531"]
[EventDate "2005.01.15"]

1. e4 c5 2. Nf3 d6 3. d4 cxd4 4. Nxd4 Nf6 5. Nc3 a6 6. Bg5 e6 7. f4 Be7 8.
Qf3 Qc7 9. O-O-O Nbd7 10. g4 b5 11. Bxf6 Nxf6 12. g5 Nd7 13. f5 Bxg5+ 14.
Kb1 Ne5 15. Qh5 Qe7 16. Nxe6 Bxe6 17. fxe6 g6 18. exf7+ Kxf7 19. Qe2 Kg7
20. Nd5 Qd8 21. Bh3 Ra7 22. Rhg1 Rf7 23. Be6 Rf3 24. Bg4 Rf7 25. Be6 Rf3
26. Bg4 Rff8 27. a4 Qa5 28. Be6 Nf3 29. b4 Nxg1 30. Rxg1 Qd8 31. axb5 Re8
32. Qg4 axb5 33. h4 Bh6 34. h5 Qg5 35. Qxg5 Bxg5 36. Bd7 Re5 37. hxg6 hxg6
38. Bxb5 Bd2 39. Bd3 Reh5 40. Kb2 g5 41. b5 Rh1 42. Rg2 R8h2 43. Rg4 Kf7
44. b6 Rh8 45. Rg2 R1h2 46. Rxh2 Rxh2 47. b7 Rh8 48. Bc4 Rb8 49. Nc7+ Kf6
50. Bd5 Be3 51. Na6 Ba7 52. Nxb8 Bxb8 53. Kc3 g4 54. Kd3 Ke5 55. Ke2 Kf4
56. Kf2 Ba7+ 57. Kg2 Bb8 58. Be6 Ba7 59. c4 1/2-1/2

[Event "Corus C"]
[Site "Wijk aan Zee NED"]
[Date "2005.01.17"]
[Round "3"]
[White "Zhukova,N"]
[Black "Korotylev,A"]
[Result "0-1"]
[WhiteElo "2465"]
[BlackElo "2603"]
[EventDate "2005.01.15"]

1. d4 Nf6 2. c4 e6 3. Nf3 Bb4+ 4. Nbd2 b6 5. g3 Bb7 6. Bg2 O-O 7. O-O c5 8.
a3 Bxd2 9. Qxd2 Na6 10. b4 Qe7 11. dxc5 bxc5 12. b5 Nc7 13. a4 d6 14. a5
Rab8 15. Bb2 Ne4 16. Qc2 f5 17. Nd2 Nxd2 18. Qxd2 Bxg2 19. Kxg2 e5 20. Bc3
Qe6 21. Qa2 f4 22. f3 d5 23. cxd5 Nxd5 24. Rfb1 c4 25. Bd2 fxg3 26. hxg3 e4
27. Bb4 Rf7 28. b6 axb6 29. axb6 Re8 30. Ba5 Ne3+ 31. Kf2 exf3 32. exf3 Qe4
33. Kg1 Rxf3 0-1

[Event "Corus C"]
[Site "Wijk aan Zee NED"]
[Date "2005.01.17"]
[Round "3"]
[White "Alekseev,Evgeny"]
[Black "Muhren,B"]
[Result "1-0"]
[WhiteElo "2605"]
[BlackElo "2295"]
[EventDate "2005.01.15"]

1. e4 c5 2. Nf3 d6 3. d4 cxd4 4. Nxd4 Nf6 5. Nc3 a6 6. Be3 e6 7. f3 Be7 8.
Qd2 Nc6 9. O-O-O O-O 10. g4 Nxd4 11. Qxd4 b5 12. h4 Bb7 13. h5 Ne8 14. Kb1
Rc8 15. Qd2 b4 16. Ne2 Nf6 17. Nd4 e5 18. Nf5 d5 19. g5 Nd7 20. exd5 Bc5
21. Bh3 a5 22. Rhg1 Nb6 23. g6 Nc4 24. gxh7+ Kh8 25. Qg2 Qf6 26. Bg5 Qb6
27. Bd8 1-0

[Event "Corus C"]
[Site "Wijk aan Zee NED"]
[Date "2005.01.17"]
[Round "3"]
[White "Wempe,Jo"]
[Black "Pliester,L"]
[Result "1-0"]
[WhiteElo "2265"]
[BlackElo "2383"]
[EventDate "2005.01.15"]

1. d4 d5 2. c4 c6 3. Nf3 Nf6 4. e3 Bf5 5. cxd5 cxd5 6. Qb3 Qb6 7. Nc3 e6 8.
Bb5+ Nfd7 9. Ne5 Bd6 10. Nxd7 Nxd7 11. Bd2 Ke7 12. Na4 Qd8 13. Bb4 Bxb4+
14. Qxb4+ Kf6 15. Qd6 Qa5+ 16. Nc3 Nb6 17. a3 Nc4 18. Bxc4 dxc4 19. e4 Bg6
20. e5+ Kf5 21. Qe7 Qd8 22. g4+ Kxg4 23. Rg1+ Kh5 24. Qxb7 Qxd4 25. Qf3+
Kh6 26. Qh3+ Bh5 27. Qg3 g6 28. Qg5+ Kg7 29. Qxh5 Rhd8 30. Rd1 Qf4 31. Rxd8
Rxd8 32. Qg5 Qxh2 33. Qf6+ Kh6 34. Ne2 Rd5 35. Rg4 Qh1+ 36. Ng1 Qh5 37. Qh4
Rxe5+ 38. Kd2 Rb5 39. Kc3 g5 40. Qxh5+ Kxh5 41. Rxc4 Rf5 42. f3 Re5 43. Kd3
f5 44. Rc7 Kg6 45. Rxa7 Re1 46. Ne2 h5 47. Re7 Kf6 48. Rh7 Kg6 49. Rh8 e5
50. Rg8+ Kf6 51. Ng3 f4 52. Ne4+ Kf7 53. Rxg5 Re3+ 54. Kc4 h4 55. Rxe5 Kg6
56. Rg5+ Kh6 57. Rg4 Rxf3 58. Rxh4+ Kg6 59. a4 Kf5 60. Nd2 Re3 61. Rh8 1-0

[Event "Corus C"]
[Site "Wijk aan Zee NED"]
[Date "2005.01.17"]
[Round "3"]
[White "Jonkman,H"]
[Black "Spoelman,W"]
[Result "0-1"]
[WhiteElo "2399"]
[BlackElo "2381"]
[EventDate "2005.01.15"]

1. e4 c5 2. Nf3 Nf6 3. e5 Nd5 4. Nc3 Nxc3 5. dxc3 Nc6 6. Bc4 e6 7. Bf4 Qc7
8. Bg3 b6 9. O-O Bb7 10. Qe2 a6 11. a4 Na5 12. Bd3 d5 13. exd6 Bxd6 14. Ng5
Qe7 15. Bxd6 Qxd6 16. f4 h6 17. Qh5 O-O 18. Rae1 Qc6 19. Rf2 c4 20. Bh7+
Kh8 21. Be4 Qd7 22. Bxb7 Nxb7 23. Nf3 Nd6 24. Rd2 Rad8 25. Red1 Qe7 26. Qe5
Nf5 27. Rxd8 Rxd8 28. Rxd8+ Qxd8 29. Nd4 Kh7 30. g3 g6 31. Qe4 Qd7 32. Qc6
Qxc6 33. Nxc6 Ne3 34. Kf2 Nd1+ 35. Ke2 Nxb2 36. Ne5 Nxa4 37. Kd2 b5 38.
Nxf7 Nb6 39. Nd8 Nd5 40. Nxe6 Kg8 41. Nc5 a5 42. Ne4 a4 43. Kc1 Kf8 44. Nd6
Nxc3 45. Kb2 Ke7 46. Nc8+ Kd7 47. Na7 b4 0-1

[Event "Corus C"]
[Site "Wijk aan Zee NED"]
[Date "2005.01.17"]
[Round "3"]
[White "Bosboom Lanchava,T"]
[Black "Bosboom,M"]
[Result "1-0"]
[WhiteElo "2366"]
[BlackElo "2426"]
[EventDate "2005.01.15"]

1. d4 Nf6 2. Nf3 e6 3. c4 b6 4. g3 Ba6 5. Qc2 Bb7 6. Bg2 c5 7. dxc5 Bxc5 8.
Nc3 Na6 9. e4 Rc8 10. O-O Be7 11. e5 Ng4 12. Qe2 Qc7 13. Re1 h5 14. h3 Nh6
15. Nb5 Qb8 16. Nbd4 Nc5 17. Bg5 Bxg5 18. Nxg5 Bxg2 19. Kxg2 h4 20. Nb5 Nf5
21. g4 a6 22. gxf5 axb5 23. b4 Na4 24. fxe6 dxe6 25. Qf3 Qa8 26. Ne4 bxc4
27. Nd6+ Ke7 28. Re4 f5 29. Nxc8+ Rxc8 30. Rxh4 Qxf3+ 31. Kxf3 b5 32. Rh7
Kf7 33. Rg1 Rg8 34. h4 Nb6 35. Rh5 Ra8 36. Rhg5 Ra3+ 37. Kg2 Nd7 38. f4 c3
39. Kf3 c2+ 40. Ke2 Rxa2 41. Rxg7+ Ke8 42. Kd2 Nb6 43. h5 Nc4+ 44. Kc3 Ra3+
45. Kxc2 Rh3 46. Ra1 Na3+ 47. Kd2 Kf8 48. Rb7 Rh2+ 49. Kd3 Rxh5 50. Rc1
Rh3+ 51. Kd4 1-0

[Event "Corus C"]
[Site "Wijk aan Zee NED"]
[Date "2005.01.18"]
[Round "4"]
[White "Mamedjarova,Z"]
[Black "Alekseev,Evgeny"]
[Result "0-1"]
[WhiteElo "2349"]
[BlackElo "2605"]
[EventDate "2005.01.15"]

1. d4 Nf6 2. Nf3 e6 3. e3 d5 4. c4 Be7 5. Nc3 O-O 6. Bd3 dxc4 7. Bxc4 a6 8.
a4 c5 9. O-O Nc6 10. d5 exd5 11. Nxd5 Bg4 12. h3 Bh5 13. Nf4 Bxf3 14. Qxf3
Ne5 15. Qe2 Nxc4 16. Qxc4 Qd7 17. b3 b5 18. Qc2 Qc6 19. Bb2 Rfd8 20. Rfc1
Bf8 21. Qe2 Ne4 22. Rc2 Rac8 23. axb5 axb5 24. Ra5 Rb8 25. Ra7 Rb7 26. Rxb7
Qxb7 27. Qf3 Qe7 28. Kh2 Nd2 29. Qe2 Qd7 30. Rc3 c4 31. bxc4 Nxc4 32. Rd3
Qc7 33. Rxd8 Qxd8 34. Bd4 Qc7 35. g3 Qc6 36. Nd3 b4 37. Qc2 Qb5 38. Nc1 h5
39. h4 Qd5 40. Kg1 Na3 41. Qb3 Qb5 42. Qd3 Qd5 43. Qb3 Qe4 44. Qd3 Qc6 45.
Nb3 Nb5 46. Kf1 Qd5 47. Qc2 Nd6 48. Ke2 Ne4 49. Ke1 Qf5 50. Na1 b3 51. Nxb3
Bb4+ 52. Kd1 Nxf2+ 53. Kc1 Nd3+ 54. Kb1 Bd6 55. Bb2 Qf1+ 56. Nc1 Nxb2 57.
Kxb2 Be5+ 58. Ka2 Qa6+ 59. Kb3 Qe6+ 60. Ka4 Bxg3 61. Ne2 Bxh4 62. Nf4 Qd7+
63. Kb3 Bg3 0-1

[Event "Corus C"]
[Site "Wijk aan Zee NED"]
[Date "2005.01.18"]
[Round "4"]
[White "Spoelman,W"]
[Black "Zhukova,N"]
[Result "1/2-1/2"]
[WhiteElo "2381"]
[BlackElo "2465"]
[EventDate "2005.01.15"]

1. e4 e5 2. Nf3 Nc6 3. Bb5 Nf6 4. O-O Nxe4 5. d4 Nd6 6. Bxc6 dxc6 7. dxe5
Nf5 8. Qxd8+ Kxd8 9. Nc3 h6 10. h3 Ne7 11. Nd4 c5 12. Nb3 b6 13. Bf4 Be6
14. Rad1+ Kc8 15. Bh2 Kb7 16. Ne4 a5 17. f4 Nf5 18. Rfe1 a4 19. Nc1 Be7 20.
c3 h5 21. g3 Rad8 22. Rxd8 Rxd8 23. Kg2 Rd1 24. Kf2 Ne3 25. Rxe3 Rxc1 26.
Re1 Rxe1 27. Kxe1 Bxa2 28. g4 Bd5 29. Ng3 hxg4 30. hxg4 g6 31. f5 Bf3 32.
f6 Bf8 33. g5 b5 34. c4 bxc4 35. Kd2 c3+ 36. Kxc3 Kc6 37. Nf1 Kd5 38. Ne3+
Ke4 39. Kd2 Kd4 40. Nc2+ Kc4 41. Na3+ Kb3 42. e6 fxe6 43. Be5 Bc6 44. f7 c4
45. Kc1 c3 46. Bxc3 e5 47. Bxe5 Bd5 48. Bxc7 Bxf7 49. Be5 Be7 50. Bf6 Bxf6
51. gxf6 g5 52. Nb5 g4 53. Nd4+ Kc4 54. Nf5 Kd3 55. Kd1 Bg6 56. Nd6 g3 57.
Ke1 Kc2 58. Nc4 Be8 59. Nb6 Kb3 1/2-1/2

[Event "Corus C"]
[Site "Wijk aan Zee NED"]
[Date "2005.01.18"]
[Round "4"]
[White "Bosboom,M"]
[Black "L'Ami,E"]
[Result "1/2-1/2"]
[WhiteElo "2426"]
[BlackElo "2531"]
[EventDate "2005.01.15"]

1. d4 Nf6 2. Bg5 e6 3. e4 h6 4. Bxf6 Qxf6 5. Nc3 Bb4 6. Nge2 c5 7. a3 Bxc3+
8. Nxc3 cxd4 9. Nb5 Qe5 10. Qxd4 Qxd4 11. Nxd4 Ke7 12. O-O-O a6 13. h4 b6
14. Rh3 Bb7 15. Rb3 b5 16. Re3 d6 17. b4 Nd7 18. Nb3 Nb6 19. Na5 Rab8 20.
Rc3 Bxe4 21. Rc7+ Nd7 22. f3 Ba8 23. Ra7 d5 24. c4 bxc4 25. Bxc4 Rhd8 26.
Bxa6 Kf6 27. Rc7 g5 28. hxg5+ hxg5 29. Kb2 Ne5 30. Rd4 Rh8 31. Rc2 Ng6 32.
b5 Rb6 33. Rb4 e5 34. Nb3 d4 35. Nc5 Rd8 36. a4 g4 37. a5 Rbb8 38. b6 gxf3
39. b7 fxg2 40. Rb6+ Ke7 41. Rxg2 Nf4 42. Rg5 Rd5 43. bxa8=Q Rxa8 44. Bb7
Rxa5 45. Bxd5 Rxc5 46. Be4 d3 47. Rb7+ Ke6 48. Rg8 Rc2+ 49. Kb3 Ne2 50.
Rb6+ Ke7 51. Rb7+ Ke6 52. Rb6+ Ke7 53. Rb7+ Ke6 1/2-1/2

[Event "Corus C"]
[Site "Wijk aan Zee NED"]
[Date "2005.01.18"]
[Round "4"]
[White "Wempe,Jo"]
[Black "Jonkman,H"]
[Result "0-1"]
[WhiteElo "2265"]
[BlackElo "2399"]
[EventDate "2005.01.15"]

1. d4 d5 2. c4 dxc4 3. Nf3 a6 4. e3 e6 5. Bxc4 Nf6 6. Qe2 c5 7. dxc5 Bxc5
8. O-O Nc6 9. a3 b5 10. Bd3 Qe7 11. Nbd2 Bb7 12. b4 Bb6 13. Bb2 O-O 14.
Rac1 Rac8 15. Bxf6 gxf6 16. Ne4 Nb8 17. Qb2 Nd7 18. Qe2 Kh8 19. Ng3 Rfd8
20. Bb1 Bd5 21. Qd3 Nf8 22. Rxc8 Rxc8 23. Rd1 Qc7 24. Nh5 Bxf3 25. gxf3 Qe5
26. Ng3 Rd8 27. Qc2 Rxd1+ 28. Qxd1 f5 29. Qc1 f4 30. exf4 Qd4 31. Qc2 Qxf4
32. Qc8 Qd6 33. Ne4 Qd1+ 34. Kg2 Kg7 35. Qxa6 Bd4 36. Ba2 Ng6 37. Qxb5 Nh4+
38. Kh3 Qxf3+ 39. Ng3 Ng6 40. Qe2 Nf4+ 0-1

[Event "Corus C"]
[Site "Wijk aan Zee NED"]
[Date "2005.01.18"]
[Round "4"]
[White "Korotylev,A"]
[Black "Georgiev,Vl"]
[Result "1/2-1/2"]
[WhiteElo "2603"]
[BlackElo "2517"]
[EventDate "2005.01.15"]

1. d4 d5 2. c4 c6 3. Nc3 Nf6 4. Nf3 a6 5. e3 e6 6. b3 Bb4 7. Bd2 Nbd7 8.
Bd3 Qe7 9. O-O O-O 10. Qc2 dxc4 11. bxc4 e5 12. Bf5 Re8 13. Rab1 a5 14. Ne2
exd4 15. Nexd4 g6 16. Bh3 Ne4 17. Bc1 Ndf6 1/2-1/2

[Event "Corus C"]
[Site "Wijk aan Zee NED"]
[Date "2005.01.20"]
[Round "5"]
[White "L'Ami,E"]
[Black "Muhren,B"]
[Result "0-1"]
[WhiteElo "2531"]
[BlackElo "2295"]
[EventDate "2005.01.15"]

1. Nf3 d5 2. d4 c5 3. dxc5 Nf6 4. c4 Nc6 5. cxd5 Qxd5 6. Qxd5 Nxd5 7. a3 e5
8. b4 e4 9. Nfd2 Nd4 10. Ra2 Be6 11. e3 Nxe3 12. fxe3 Bxa2 13. Nc3 Nc2+ 14.
Kf2 Be6 15. Bb5+ Bd7 16. Bxd7+ Kxd7 17. Rd1 Rd8 18. Nc4+ Kc8 19. Ke2 f5 20.
Nd5 h5 21. Bb2 Rh6 22. h4 Rg6 23. Kf2 f4 24. exf4 e3+ 25. Ncxe3 Nxe3 26.
Nxe3 Rxd1 27. Nxd1 Be7 28. g3 Bf6 29. f5 Rh6 30. Bxf6 Rxf6 31. Ne3 g6 32.
Kf3 gxf5 33. Kf4 Kd7 34. Kg5 Ke6 35. Ng2 Kf7 36. Nf4 Ra6 37. Nxh5 Rxa3 38.
Kxf5 Rb3 39. Nf4 Rxb4 0-1

[Event "Corus C"]
[Site "Wijk aan Zee NED"]
[Date "2005.01.20"]
[Round "5"]
[White "Bosboom Lanchava,T"]
[Black "Mamedjarova,Z"]
[Result "0-1"]
[WhiteElo "2366"]
[BlackElo "2349"]
[EventDate "2005.01.15"]

1. d4 e6 2. Nf3 Nf6 3. c4 c5 4. e3 d5 5. Nc3 cxd4 6. exd4 Be7 7. Be2 O-O 8.
O-O Nc6 9. Bf4 b6 10. Rc1 dxc4 11. Bxc4 Bb7 12. a3 h6 13. Qd3 Bd6 14. Be5
Ng4 15. Bxd6 Qxd6 16. h3 Nf6 17. d5 exd5 18. Nxd5 Na5 19. Nxf6+ Qxf6 20.
Ba2 Qxb2 21. Bb1 g6 22. Qe3 Bxf3 23. Qxf3 Rac8 24. Rxc8 Rxc8 25. Qf4 Kg7
26. Rd1 Rc6 27. Be4 Rf6 28. Qg3 Qb3 29. Rd3 Qc4 30. Re3 Qd4 31. Re1 Re6 32.
Qf4 Nc4 33. Kh1 Nd6 34. f3 g5 35. Qc1 Nxe4 36. fxe4 Rxe4 37. Rd1 Qe5 38.
Qd2 Re2 39. Qd3 Re3 40. Qa6 Qe4 41. Kh2 g4 42. hxg4 Re2 43. Rg1 Qf4+ 44.
Kh3 Re4 45. Qc8 h5 46. Qc3+ f6 47. g3 hxg4+ 48. Kh2 Re2+ 49. Rg2 Rxg2+ 50.
Kxg2 Qf3+ 0-1

[Event "Corus C"]
[Site "Wijk aan Zee NED"]
[Date "2005.01.20"]
[Round "5"]
[White "Jonkman,H"]
[Black "Pliester,L"]
[Result "1-0"]
[WhiteElo "2399"]
[BlackElo "2383"]
[EventDate "2005.01.15"]

1. e4 c6 2. d4 d5 3. Nd2 dxe4 4. Nxe4 Bf5 5. Ng3 Bg6 6. h4 h6 7. Nf3 e6 8.
Ne5 Bh7 9. Bd3 Bxd3 10. Qxd3 Nd7 11. Qe2 Ngf6 12. Bd2 Qb6 13. O-O-O Qxd4
14. Bc3 Qa4 15. Kb1 Nb6 16. Nxf7 Kxf7 17. Bxf6 Kxf6 18. Rhe1 Re8 19. Qf3+
Kg6 20. Rxe6+ 1-0

[Event "Corus C"]
[Site "Wijk aan Zee NED"]
[Date "2005.01.21"]
[Round "6"]
[White "Wempe,Jo"]
[Black "Georgiev,Vl"]
[Result "0-1"]
[WhiteElo "2265"]
[BlackElo "2517"]
[EventDate "2005.01.15"]

1. d4 Nf6 2. c4 e6 3. Nf3 d5 4. Bg5 Bb4+ 5. Nbd2 dxc4 6. e3 b5 7. Be2 Bb7
8. O-O Nbd7 9. b3 c3 10. Nb1 a6 11. a3 Be7 12. b4 h6 13. Bxf6 Bxf6 14. Nxc3
e5 15. dxe5 Nxe5 16. Qb3 Nxf3+ 17. Bxf3 Bxf3 18. gxf3 Qd3 19. Rac1 Rd8 20.
Qc2 O-O 21. Ne4 Bh4 22. Qxd3 Rxd3 23. Rxc7 Rfd8 24. Rfc1 f5 25. Ng3 f4 26.
Nh5 fxe3 27. fxe3 R8d7 28. Rxd7 Rxd7 29. Rc6 Rd2 30. Ng3 Rd3 31. Rxa6 Rxe3
32. Kg2 Bf6 33. Ne4 Be5 34. Ng3 Bb2 35. a4 bxa4 36. Rxa4 Rb3 37. Ra8+ Kh7
38. Rb8 Be5 39. Rb7 Rb2+ 40. Kh3 Rf2 41. Rf7 Kg6 42. Rf5 Bd4 43. Rd5 Bf6
44. Rf5 Bd4 45. Rf4 Be3 46. Rg4+ Kf7 47. Rc4 Rxf3 48. Rc3 g5 49. Rc7+ Ke8
50. Rh7 Rf2 51. Ne4 g4+ 52. Kg3 Rf3+ 53. Kg2 Kf8 54. b5 Kg8 55. Re7 h5 56.
h4 Bd4 57. b6 Bxb6 58. Re5 Rf4 59. Ng3 Rf2+ 60. Kh1 Bc7 61. Rg5+ Kf8 62.
Nxh5 Rh2+ 63. Kg1 Rxh4 64. Nf6 g3 65. Nh5 Rh3 66. Kg2 Rh2+ 67. Kf1 Rf2+ 68.
Kg1 Bb6 69. Rxg3 Rf5+ 70. Kg2 Rxh5 71. Rf3+ Ke7 72. Rb3 Bc5 73. Rc3 Ke6 74.
Rd3 Ke5 75. Rb3 Ke4 76. Rc3 Bd4 77. Rb3 Ra5 78. Kg3 Rg5+ 79. Kh2 Be3 80.
Kh1 Kf3 81. Rb2 Bf2 82. Rb3+ Be3 83. Rb2 Rg6 84. Rg2 Ra6 85. Rb2 Ra1+ 86.
Kh2 Bf4+ 87. Kh3 Rh1+ 88. Rh2 Rxh2+ 0-1

[Event "Corus C"]
[Site "Wijk aan Zee NED"]
[Date "2005.01.21"]
[Round "6"]
[White "Korotylev,A"]
[Black "Bosboom Lanchava,T"]
[Result "1-0"]
[WhiteElo "2603"]
[BlackElo "2366"]
[EventDate "2005.01.15"]

1. d4 d6 2. c4 g6 3. Nc3 Bg7 4. e4 Nd7 5. Nf3 e5 6. Be2 c6 7. O-O Nh6 8.
Rb1 O-O 9. b4 a6 10. d5 c5 11. a3 f6 12. Bd3 Nf7 13. Na4 Rb8 14. Nd2 b6 15.
Qc2 Qc7 16. Nc3 Re8 17. Kh1 Nf8 18. Nb3 Bd7 19. Be3 Nh6 20. f3 Qc8 21. Nd2
f5 22. exf5 Nxf5 23. Bf2 Bh6 24. Nde4 Qd8 25. Rfe1 Qe7 26. a4 Rec8 27. a5
Nd4 28. Qa2 Bf5 29. axb6 cxb4 30. Rxb4 Nd7 31. b7 Rc7 32. Qxa6 Nc5 33. Nxc5
Bd2 34. Qa7 Re8 35. Na6 Rd7 36. Bxf5 gxf5 37. Qa8 Bxe1 38. Qxe8+ Qxe8 39.
b8=Q Rd8 40. Bxe1 1-0

[Event "Corus C"]
[Site "Wijk aan Zee NED"]
[Date "2005.01.21"]
[Round "6"]
[White "Mamedjarova,Z"]
[Black "L'Ami,E"]
[Result "0-1"]
[WhiteElo "2349"]
[BlackElo "2531"]
[EventDate "2005.01.15"]

1. d4 d5 2. e3 Nf6 3. c4 c6 4. Nf3 Bg4 5. cxd5 cxd5 6. Be2 Nc6 7. O-O e6 8.
Qb3 Qc7 9. Nc3 a6 10. h3 Bh5 11. Bd2 Bd6 12. Rfc1 O-O 13. Na4 b5 14. Nc5
Bxc5 15. Rxc5 Ne4 16. Rc2 Bxf3 17. Bxf3 Nxd2 18. Rxd2 Na5 19. Qb4 Rac8 20.
Be2 Qb6 21. a4 Nc6 22. Qb3 b4 23. Qd3 Na5 24. Rc2 Rxc2 25. Qxc2 b3 26. Qc3
g6 27. g3 Rb8 28. Kg2 Kg7 29. h4 h5 30. Qc5 Qxc5 31. dxc5 Rc8 32. Rc1 Nc4
33. c6 a5 34. Rc3 Nxb2 35. Bb5 Nc4 36. Rxb3 Kf6 37. Rc3 Rc7 38. e4 Ke5 39.
Bxc4 Kd4 40. Rd3+ Kxc4 41. Rd1 d4 42. Kf3 e5 43. Rb1 Kc3 44. Rc1+ Kb4 45.
Ke2 Kxa4 46. Rc5 f6 47. f4 Kb4 48. Rd5 Rxc6 49. fxe5 fxe5 50. Rxe5 a4 51.
Re8 Ra6 52. Rd8 Kc5 53. Rc8+ Kd6 54. Rd8+ Ke5 55. Re8+ Kf6 56. Rf8+ Ke7 57.
Rf1 a3 58. Kd3 a2 59. Ra1 Ra4 60. e5 Kd7 61. Ke4 Ke6 62. Kf4 d3+ 63. Kg5 d2
64. Kxg6 Rb4 0-1